00309nam a2200121Ia 4500003000400000005001700004008004100021020001900062040002700081100001600108245003500124260002800159OSt20240305163350.0170523s9999 xx 000 0 und d a978-9380712536 cIIMT UNIVERSITY MEERUT aYadav- K.S. 0aElementary Workshop Technology aVayu Education of India